Представление документа в формате MARC21

Поле Инд. ПП Название Значение
Тип записи a
Библиографический уровень m
001 Контрольный номер fb2ea328-b247-4d7c-8b57-1fd21a7e0224
005 Дата корректировки 20140226112503.7
008 Кодируемые данные 000620 d
020 a ISBN 5-230-08373-5
080 a Индекс УДК 510.22(082)
a Индекс УДК 519.816(082)
084 a Индекс другой классификации/Индекс ББК В186
a Индекс другой классификации/Индекс ББК В183
090 a Полочн. индекс В186
x Авторский знак Н59
245 10 a Заглавие Нечеткие системы: модели и программные средства
b Продолж. заглавия сб. науч. тр.
c Ответственность Твер. гос. ун-т, Сов. ассоц. нечетких систем ; редкол.: А. В. Язенин (отв. ред.) и др.
260 0_ a Место издания Тверь
c Дата издания 1991
300 a Объем 110, [2] c.
b Иллюстрации/ тип воспроизводства ил.
504 a Библиография Библиогр. в конце ст.
650 a Основная рубрика Множеств теория
650 a Основная рубрика Принятие решений
x Основная подрубрика Математическая теория
653 a Ключевые слова Нечеткие системы
a Ключевые слова Принятие решений
a Ключевые слова Теория множеств
a Ключевые слова Труды Тверского государственного университета
700 1_ a Другие авторы Язенин Александр Васильевич
e Роль лиц отв. ред.
710 a Организация/ юрисдикция Тверской государственный университет
852 t Порядковый номер экземпляра 5
p Инвентарный номер 632131
p Инвентарный номер 632132
p Инвентарный номер 632133
p Инвентарный номер 632134
p Инвентарный номер 632135
999 a Подразделение 2 Фил3